000 00752nam a22002537a 4500
003 CHAP
005 20220329135651.0
008 971013s1989 r 00010 d
010 _a40199
011 _a41171
035 _a45297
040 _cCHAP
082 _a632.9
_bM33
100 0 0 _aMcFarlane, N. R.
_eed.
_973512
245 _aProgress and prospects in insect control
260 _aLondon :
_bBritish Crop Protection Council,
_c1989
300 _a271 p.
_b: ilus.
590 _aBATCH-UPD
_b10
_c20130110
_lUCH01
_h1843
590 _aCONVERSION
_b10
_c20130109
_lUCH01
_h1322
650 1 4 _aControl de plagas.
_927595
901 _aBK
942 _cLIBRO
949 _a632.9 M33
_bBC
_cLIBRO
_d33724000000352
_eLIBRO
_gI.179180
_h88163
_i45297
_si
_t408.00
999 _c40199
_d40199